000 00527nam a2200217Ia 4500
003 OSt
005 20260619095420.0
008 210423s2008 xx 000 0 und d
020 _a9788181282606
040 _cAL
041 _aeng
082 _a512
_bLANI
100 _aSerge Lang
_985281
245 _aIntroduction to linear algebra.
250 _a2
260 _aNew Delhi
_bSpringer Pvt Ltd
_c2008
300 _aviii,293
_bPB
365 _b295
_cINR
906 _aalgebra. ; Introduction ; linear
942 _2ddc
_cBK
999 _c158341
_d158341